[Event "European Cities & Towns Chess Championship - Youth"]
[Site "Central Europe"]
[Date "2023.01.29"]
[Round "6.5.2"]
[White "Anastasaki, Georgia"]
[Black "Cazacu, Iustin-Nicolas"]
[Result "0-1"]
[WhiteElo "1000"]
[BlackElo "1549"]
[BlackCountry "RO"]
[BlackFideId "42206367"]
[BlackTeam "Iasi"]
[WhiteCountry "GR"]
[WhiteFideId "42112419"]
[WhiteTeam "Heraklion"]

1. e4 e6 2. d4 d5 3. exd5 exd5 4. Nf3 Nf6 5. Nc3 Be7 6. Be2 O-O 7. h3 c5 
8. dxc5 Bxc5 9. O-O Nc6 10. a3 h6 11. b4 Bb6 12. Be3 d4 13. Bxd4 Nxd4 14. 
Nxd4 Qxd4 15. Qxd4 Bxd4 16. Rad1 Bxc3 17. Rd3 Be5 18. Rfd1 Bf5 19. R3d2 
Bc3 20. Rd6 Bxc2 21. Rc1 Be5 22. Rd2 Bf4 23. Rdxc2 Bxc1 24. Rxc1 Rac8 25. 
Rd1 Rfd8 26. Re1 Rd2 27. Bf3 Rcc2 28. Rf1 Nd5 29. b5 Nf4 30. a4 Nd3 31. 
Be4 Rc1 32. Rxc1 Nxc1 33. Bxb7 Nd3 34. a5 Rd1+ 35. Kh2 Nxf2 36. b6 axb6 
37. a6 Ra1 38. Kg3 Nd1 39. Kh2 b5 40. Bc8 b4 41. a7 b3 42. a8=Q Rxa8 43. 
Bb7 b2 44. Be4 Ra3 45. Bc2 Rb3 46. Bxb3 b1=Q 47. Bxd1 Qxd1 48. Kg3 Qd4 49.
 Kh2 Qe3 50. Kh1 Qf4 51. Kg1 Qg3 52. Kh1 Kf8 53. Kg1 Ke7 54. Kh1 Ke6 55. 
Kg1 Ke5 56. Kh1 Ke4 57. Kg1 Ke3 58. Kh1 Kf2 59. h4 Qxh4# 0-1

[Event "European Cities & Towns Chess Championship - Youth"]
[Site "Central Europe"]
[Date "2023.01.29"]
[Round "6.5.3"]
[White "Dumitru, Rucsandra Sofia"]
[Black "Chatzisavvas, Nikolaos"]
[Result "0-1"]
[WhiteElo "1156"]
[BlackElo "1000"]
[BlackCountry "GR"]
[BlackFideId "42124247"]
[BlackTeam "Heraklion"]
[Termination "time forfeit"]
[WhiteCountry "RO"]
[WhiteFideId "42204011"]
[WhiteTeam "Iasi"]

1. d4 d5 2. c4 Nf6 3. Nc3 c6 4. e3 Bf5 5. Bd3 Bxd3 6. Qxd3 e6 7. Nf3 Bb4 
8. O-O Nbd7 9. a3 Ba5 10. b4 Bc7 11. e4 dxc4 12. Qxc4 Qe7 13. e5 Nd5 14. 
Nxd5 exd5 15. Qd3 O-O 16. Bb2 f6 17. Rfe1 Rfe8 18. Rad1 fxe5 19. dxe5 Qe6 
20. Ng5 Qh6 21. Nf3 Qe6 22. Rc1 a5 23. b5 Rab8 24. Ba1 Bd8 25. Qc3 cxb5 
26. Qd3 Rf8 27. Rcd1 Nb6 28. Qxb5 Qg6 29. Qd3 Qxd3 30. Rxd3 Bc7 31. Rc1 
Rbc8 32. Bd4 Rfe8 33. Rdc3 Nc4 34. a4 Re7 35. Bc5 Ree8 36. Bd4 Rf8 37. Bc5
Rf7 38. Bd4 Re7 0-1

[Event "European Cities & Towns Chess Championship - Youth"]
[Site "Central Europe"]
[Date "2023.01.29"]
[Round "6.5.4"]
[White "Kilaidakis, Ioannis"]
[Black "Tcaciuc, Smaranda-Maria"]
[Result "1-0"]
[WhiteElo "1000"]
[BlackElo "1105"]
[BlackCountry "RO"]
[BlackFideId "42204992"]
[BlackTeam "Iasi"]
[WhiteCountry "GR"]
[WhiteFideId "42133564"]
[WhiteTeam "Heraklion"]

1. e4 c5 2. Nf3 e6 3. d4 cxd4 4. Nxd4 a6 5. Nc3 Qc7 6. Be3 Nf6 7. Be2 Bb4 
8. Qd3 O-O 9. f3 Bxc3+ 10. bxc3 e5 11. Nf5 Nc6 12. Bg5 Qd8 13. Ne3 h6 14. 
Bh4 b5 15. Nd5 g5 16. Bf2 Nxd5 17. exd5 Ne7 18. h4 Ng6 19. hxg5 Qxg5 20. 
Be3 Nf4 21. Qd2 Nxg2+ 22. Kf2 Nxe3 23. Rag1 d6 24. Qxe3 f5 25. Rxg5+ hxg5 
26. Qxg5+ Kf7 27. Rh7+ Ke8 28. Qe7# 1-0

[Event "European Cities & Towns Chess Championship - Youth"]
[Site "Central Europe"]
[Date "2023.01.29"]
[Round "6.6.1"]
[White "Tzimas, Konstantinos"]
[Black "Beber, Anja"]
[Result "1-0"]
[WhiteElo "1275"]
[BlackElo "1591"]
[BlackCountry "SI"]
[BlackFideId "14642255"]
[BlackTeam "Ljubljana U12"]
[WhiteCountry "GR"]
[WhiteFideId "42123828"]
[WhiteTeam "Ioannina"]

1. e4 c5 2. Nf3 Nc6 3. d4 cxd4 4. Nxd4 e5 5. Nb5 a6 6. Nd6+ Bxd6 7. Qxd6 
Qf6 8. Qxf6 Nxf6 9. Nc3 d5 10. Nxd5 Nxd5 11. exd5 Nb4 12. Bd3 Nxd5 13. Bd2
O-O 14. O-O-O Be6 15. c4 Nb6 16. b3 Rfd8 17. Ba5 Rxd3 18. Rxd3 Nd7 19. Bb4
h6 20. Rhd1 Nf6 21. Rd8+ Rxd8 22. Rxd8+ Kh7 23. f3 e4 24. fxe4 Nxe4 25. 
Rb8 Nf2 26. Rxb7 Ng4 27. h3 Nf2 28. Kd2 a5 29. Bxa5 Ne4+ 30. Ke3 Nd6 31. 
Rc7 Kg6 32. g4 h5 33. c5 Ne8 34. gxh5+ Kxh5 35. Re7 Nf6 36. Rxe6 fxe6 37. 
c6 Nd5+ 38. Ke4 Ne7 39. c7 Kh4 40. Bc3 g5 41. Bf6 Nc8 42. Ke5 Kxh3 43. 
Bxg5 Kg3 44. Bd2 Kf3 45. Kxe6 Ke2 46. Ba5 Kd3 47. Kd7 Kc2 48. Kxc8 Kb2 49.
 Kb7 Kxa2 50. b4 Ka1 51. c8=Q Ka2 52. Qc4+ Ka1 53. Qe2 Kb1 54. Bb6 Ka1 55.
 Bd4+ Kb1 56. Qb2# 1-0

[Event "European Cities & Towns Chess Championship - Youth"]
[Site "Central Europe"]
[Date "2023.01.29"]
[Round "6.6.2"]
[White "Kartashov, Maksim"]
[Black "Tzima, Anthia"]
[Result "0-1"]
[WhiteElo "1000"]
[BlackElo "1116"]
[BlackCountry "GR"]
[BlackFideId "42124042"]
[BlackTeam "Ioannina"]
[WhiteCountry "SI"]
[WhiteFideId "14655446"]
[WhiteTeam "Ljubljana U12"]

1. e4 e5 2. Nf3 Nc6 3. Nc3 Nf6 4. d4 exd4 5. Nxd4 Bc5 6. Nxc6 bxc6 7. Bc4 
d6 8. O-O O-O 9. Qf3 Bg4 10. Qg3 h6 11. h3 Bh5 12. Bxh6 Bg6 13. e5 Nh5 14.
 Qg4 gxh6 15. Bd3 Qg5 16. Qc4 Nf4 17. Be4 d5 18. Nxd5 Bxe4 19. Nxf4 Qxf4 
20. g3 Qf3 21. Qxe4 Qxe4 22. Rfe1 Qxc2 23. Rac1 Qxf2+ 24. Kh1 Qf3+ 25. Kh2
Bf2 26. Rf1 Qxg3+ 27. Kh1 Qxh3# 0-1

[Event "European Cities & Towns Chess Championship - Youth"]
[Site "Central Europe"]
[Date "2023.01.29"]
[Round "6.6.3"]
[White "Paterakis, Panagiotis Emm"]
[Black "Kartashov, Nikita"]
[Result "1-0"]
[WhiteElo "1070"]
[BlackElo "1000"]
[BlackCountry "SI"]
[BlackFideId "14655454"]
[BlackTeam "Ljubljana U12"]
[WhiteCountry "GR"]
[WhiteFideId "25894900"]
[WhiteTeam "Ioannina"]

1. d4 d5 2. Bf4 Nc6 3. Nf3 Nf6 4. e3 a6 5. Bd3 Bd7 6. c3 e6 7. Nbd2 Bd6 8.
 Ne5 Nxe5 9. dxe5 g5 10. exd6 gxf4 11. dxc7 Qxc7 12. exf4 Qxf4 13. Nf3 e5 
14. Bc2 Bg4 15. h3 Bh5 16. O-O e4 17. Re1 O-O 18. g4 Nxg4 19. Qd4 Rae8 20.
 hxg4 Qxg4+ 21. Kf1 Qh3+ 22. Ke2 Qxf3+ 23. Kd2 e3+ 24. fxe3 Qf2+ 25. Kd3 
Bg6+ 26. e4 Bxe4+ 27. Rxe4 Qf3+ 28. Re3 Rxe3+ 29. Qxe3 Qxe3+ 30. Kxe3 Re8+
31. Kd4 h5 32. Rh1 Re2 33. Kd3 Re5 34. Bd1 b5 35. Rxh5 Re4 36. Rxd5 b4 37.
 Kxe4 bxc3 38. bxc3 Kf8 39. Be2 Ke7 40. c4 Ke6 41. c5 Ke7 42. c6 Ke6 43. 
c7 f6 44. c8=Q+ Ke7 45. Qd7+ Kf8 46. Qc8+ Kf7 47. Rd7+ Kg6 48. Bh5+ Kxh5 
49. Rg7 f5+ 50. Kxf5 Kh6 51. Qh8# 1-0

[Event "European Cities & Towns Chess Championship - Youth"]
[Site "Central Europe"]
[Date "2023.01.29"]
[Round "6.6.4"]
[White "Kovacic, Jakob"]
[Black "Georgios, Basios"]
[Result "1-0"]
[WhiteElo "1000"]
[BlackElo "1000"]
[BlackTeam "Ioannina"]
[WhiteCountry "SI"]
[WhiteFideId "14645645"]
[WhiteTeam "Ljubljana U12"]

1. e4 e5 2. Nf3 Nc6 3. Bb5 Nf6 4. d3 d6 5. h3 g6 6. O-O a5 7. a4 Bd7 8. 
Bc4 Bg7 9. Bb5 O-O 10. Bxc6 Bxc6 11. Nc3 Qe8 12. Be3 d5 13. exd5 Bxd5 14. 
Nxd5 Nxd5 15. Qe2 Nxe3 16. Qxe3 Kh8 17. Qc5 c6 18. Rfe1 f6 19. Nd2 Ra6 20.
 Nc4 Rg8 21. d4 Bf8 22. Nd6 Bxd6 23. Qxd6 Rb6 24. Qxf6+ Rg7 25. b3 Ra6 26.
 Rxe5 c5 27. Rxe8# 1-0

[Event "European Cities & Towns Chess Championship - Youth"]
[Site "Central Europe"]
[Date "2023.01.29"]
[Round "7.1.1"]
[White "Kuru, Atilla"]
[Black "Gromosiak, Antonii"]
[Result "1-0"]
[WhiteElo "2054"]
[BlackElo "1735"]
[BlackCountry "UA"]
[BlackFideId "34121366"]
[BlackTeam "Kyiv region"]
[WhiteCountry "TR"]
[WhiteFideId "51607948"]
[WhiteTeam "Istanbul"]

1. e4 c5 2. Nf3 d6 3. d4 cxd4 4. Nxd4 Nf6 5. Nc3 g6 6. Be3 Bg7 7. Be2 O-O 
8. O-O Nc6 9. Qd2 Bd7 10. f3 Rc8 11. Rfd1 Ne5 12. Rac1 Nc4 13. Bxc4 Rxc4 
14. b3 Rc8 15. Nd5 Bc6 16. c4 a6 17. a4 Nd7 18. Bg5 Re8 19. Nxc6 bxc6 20. 
Nxe7+ Rxe7 21. Bxe7 Qxe7 22. Qxd6 Qxd6 23. Rxd6 Nc5 24. b4 Nxa4 25. Rcd1 
Bf8 26. Rd8 Rxd8 27. Rxd8 Kg7 28. c5 Nxc5 29. bxc5 Bxc5+ 30. Kf1 Bb4 31. 
Ke2 a5 32. Ra8 c5 33. Kd3 Kf6 34. f4 h5 35. g3 Ke6 36. Kc4 f6 37. Ra6+ Ke7
38. Kd5 g5 39. Ra7+ Kf8 40. fxg5 fxg5 41. e5 h4 42. gxh4 gxh4 43. h3 Ke8 
44. e6 c4 45. Kxc4 Be1 46. Kd5 Bb4 47. Ke5 Bc3+ 48. Kf5 Bb4 49. Rh7 Be7 
50. Rh8+ Bf8 51. Kf6 a4 52. e7 1-0

[Event "European Cities & Towns Chess Championship - Youth"]
[Site "Central Europe"]
[Date "2023.01.29"]
[Round "7.1.2"]
[White "Gromosiak, Oleksii"]
[Black "Uzdemir, Ali Poyraz"]
[Result "0-1"]
[WhiteElo "1312"]
[BlackElo "1638"]
[BlackCountry "TR"]
[BlackFideId "51619733"]
[BlackTeam "Istanbul"]
[WhiteCountry "UA"]
[WhiteFideId "34137904"]
[WhiteTeam "Kyiv region"]

1. e4 e5 2. Nf3 Nc6 3. Bc4 Bc5 4. O-O Nf6 5. d3 O-O 6. h3 h6 7. Nc3 d6 8. 
Nd5 Be6 9. Nxf6+ Qxf6 10. Bb3 Kh7 11. Nh2 Qg6 12. Bxe6 Qxe6 13. Qg4 Qxg4 
14. Nxg4 f5 15. exf5 Rxf5 16. Ne3 Rf7 17. Nd5 Nd4 18. c3 Ne2+ 19. Kh2 Bxf2
20. Be3 Bg3+ 21. Kh1 Raf8 22. Rf3 Rxf3 23. gxf3 c6 24. Nc7 Rxf3 25. Bxa7 
c5 26. Rd1 Rf2 0-1

[Event "European Cities & Towns Chess Championship - Youth"]
[Site "Central Europe"]
[Date "2023.01.29"]
[Round "7.1.3"]
[White "Akkara, Omer"]
[Black "Chunikhin, Miron"]
[Result "1-0"]
[WhiteElo "1443"]
[BlackElo "1000"]
[BlackCountry "UA"]
[BlackFideId "34161325"]
[BlackTeam "Kyiv region"]
[WhiteCountry "TR"]
[WhiteFideId "26319802"]
[WhiteTeam "Istanbul"]

1. b3 e5 2. Bb2 Nc6 3. e3 d5 4. Bb5 Bd7 5. Bxc6 Bxc6 6. Bxe5 Qe7 7. Nf3 
O-O-O 8. Bb2 Nf6 9. d3 g6 10. O-O Bg7 11. Nbd2 h6 12. Qe2 h5 13. Ne5 Qe6 
14. f4 Rhg8 15. Ndf3 Ng4 16. Nd4 Bxe5 17. Nxe6 Bxb2 18. Nxd8 Rxd8 19. Rab1
Bf6 20. h3 Nh6 21. g4 hxg4 22. hxg4 g5 23. f5 Rh8 24. Kg2 d4+ 25. e4 Ng8 
26. Rh1 Nh6 27. Rh5 Bg7 28. Rbh1 f6 29. Kg3 Bf8 30. Kf2 Bg7 31. R1h2 Kd7 
32. e5 fxe5 33. f6 Bxf6 34. Rxh6 Rf8 35. Ke1 Bg7 36. Rh7 Rf7 37. Rxg7 Rxg7
38. Kd2 Re7 39. Rh5 e4 40. dxe4 Rxe4 41. Qc4 d3 42. Rh7+ Kd6 43. Qxd3+ Ke5
44. Re7+ Kf4 45. Rxe4+ Bxe4 46. Qe3+ Ke5 47. Qxg5+ Kd4 48. c3# 1-0

[Event "European Cities & Towns Chess Championship - Youth"]
[Site "Central Europe"]
[Date "2023.01.29"]
[Round "7.1.4"]
[White "Andrey, Dudnikov"]
[Black "Sahin, Zeynep Duru"]
[Result "0-1"]
[WhiteElo "1000"]
[BlackElo "1385"]
[BlackCountry "TR"]
[BlackFideId "51606550"]
[BlackTeam "Istanbul"]
[WhiteTeam "Kyiv region"]

1. e4 e6 2. d4 d5 3. e5 c5 4. c3 Nc6 5. Nf3 Qb6 6. Be2 cxd4 7. cxd4 Nge7 
8. O-O Nf5 9. Be3 Qxb2 10. Nbd2 Qb6 11. Rb1 Qc7 12. Nb3 Be7 13. Nc5 Bxc5 
14. dxc5 Nxe5 15. Bf4 Nxf3+ 16. Bxf3 Qxf4 17. g3 Qc7 18. Rc1 O-O 19. Bg2 
Bd7 20. Qf3 Bc6 21. Qg4 d4 22. Bh3 Rfd8 23. f4 Ne3 24. Qe2 Nxf1 25. Rxf1 
d3 26. Qxd3 Rxd3 0-1

[Event "European Cities & Towns Chess Championship - Youth"]
[Site "Central Europe"]
[Date "2023.01.29"]
[Round "7.2.1"]
[White "Gales, Randi-Ioan"]
[Black "Molchanov, Roman"]
[Result "1-0"]
[WhiteElo "1911"]
[BlackElo "1329"]
[BlackCountry "UA"]
[BlackFideId "34131086"]
[BlackTeam "Lviv Chess Federation"]
[WhiteCountry "RO"]
[WhiteFideId "1285360"]
[WhiteTeam "CSM Galati"]

1. d4 d5 2. c4 e6 3. Nc3 Nf6 4. cxd5 exd5 5. Bg5 Be7 6. e3 O-O 7. Bd3 c6 
8. Nge2 h6 9. Bh4 Bg4 10. f3 Bh5 11. O-O Bd6 12. h3 Bg6 13. Bxg6 fxg6 14. 
e4 dxe4 15. fxe4 g5 16. Bf2 Bc7 17. Qb3+ Kh8 18. Qxb7 Nbd7 19. Qxc6 Nb6 
20. a4 Rc8 21. Qb5 Bf4 22. a5 Nc4 23. e5 Nd2 24. exf6 Nxf1 25. fxg7+ Kxg7 
26. Rxf1 Qd6 27. Ne4 Qc7 28. Nc5 Qd6 29. Qb7+ Kh8 30. Qxa7 Rce8 31. Nxf4 
Qxf4 32. Qb6 Re1 33. Qxh6+ Kg8 34. Qxf8+ Qxf8 35. Rxe1 Qa8 36. a6 Kf7 37. 
b4 Kf6 38. b5 Kf5 39. b6 Kf4 40. b7 Qa7 41. Nd7 Kf5 42. b8=Q Qxd7 43. Qe5+
Kg6 44. Qe6+ Qxe6 45. Rxe6+ Kh7 46. a7 Kg7 47. a8=Q g4 48. Qb7+ Kf8 49. 
Ra6 g3 50. Ra8# 1-0

[Event "European Cities & Towns Chess Championship - Youth"]
[Site "Central Europe"]
[Date "2023.01.29"]
[Round "7.2.2"]
[White "Gavker, Markiyan"]
[Black "Leu, Dragos Stefan"]
[Result "0-1"]
[WhiteElo "1310"]
[BlackElo "1810"]
[BlackCountry "RO"]
[BlackFideId "1292730"]
[BlackTeam "CSM Galati"]
[WhiteCountry "UA"]
[WhiteFideId "34133810"]
[WhiteTeam "Lviv Chess Federation"]

1. e4 c5 2. Nf3 d6 3. d4 cxd4 4. Nxd4 Nf6 5. Nc3 a6 6. Be2 e5 7. Nf3 Be6 
8. O-O Nbd7 9. Be3 Be7 10. Ng5 b5 11. Nxe6 fxe6 12. a3 O-O 13. f4 exf4 14.
 Bxf4 e5 15. Be3 Nc5 16. Bxc5 dxc5 17. Bf3 Qd4+ 18. Qxd4 cxd4 19. Nd5 Nxd5
20. exd5 Bd6 21. Rac1 Rf4 22. c3 d3 23. Rfe1 d2 24. Rcd1 dxe1=Q+ 25. Rxe1 
e4 26. Bxe4 Re8 27. Bxh7+ Kxh7 28. Rxe8 Bc5+ 0-1

[Event "European Cities & Towns Chess Championship - Youth"]
[Site "Central Europe"]
[Date "2023.01.29"]
[Round "7.2.3"]
[White "Mohonea, Alexandru"]
[Black "Hychkevych, Vitaliy"]
[Result "0-1"]
[WhiteElo "1329"]
[BlackElo "1251"]
[BlackCountry "UA"]
[BlackFideId "34127046"]
[BlackTeam "Lviv Chess Federation"]
[Termination "time forfeit"]
[WhiteCountry "RO"]
[WhiteFideId "42205077"]
[WhiteTeam "CSM Galati"]

1. d4 c5 2. e3 cxd4 3. exd4 d5 4. Nf3 Nc6 5. g3 Nf6 6. Bg2 g6 7. b3 Bg7 8.
 Bb2 O-O 9. O-O Bg4 10. h3 Bf5 11. Nbd2 Rc8 12. a3 Qd7 13. Kh2 Ne4 14. Rc1
b5 15. Nh4 e6 16. Nxe4 Bxe4 17. f3 Bf5 18. Nxf5 exf5 19. f4 Rfe8 20. Qd2 
Re7 21. Rfe1 Rce8 22. Rxe7 Qxe7 23. Bxd5 Qe2+ 24. Qxe2 Rxe2+ 25. Bg2 Bxd4 
26. Bxd4 Nxd4 27. c4 Nxb3 28. Rc3 bxc4 29. Rxc4 Nd2 30. Rc3 Ne4 31. Rc8+ 
Kg7 32. Rc7 a5 33. Ra7 Nd2 34. Rxa5 Nf3+ 35. Kh1 Re1+ 36. Bf1 Nd2 37. Kg2 
Nxf1 38. Re5 Rxe5 39. fxe5 Ne3+ 40. Kf3 Nc4 41. a4 g5 42. a5 Nxa5 43. g4 
Kg6 44. Ke3 Nc4+ 45. Kd4 Nd2 46. Ke3 Ne4 47. Kd4 h5 48. gxf5+ Kxf5 49. Kd5
g4 50. hxg4+ hxg4 51. Kc4 g3 52. Kd3 g2 53. e6 fxe6 54. Ke3 g1=Q+ 55. Kd3 
Qd1+ 56. Kc4 Qd5+ 57. Kb4 Qc5+ 0-1

[Event "European Cities & Towns Chess Championship - Youth"]
[Site "Central Europe"]
[Date "2023.01.29"]
[Round "7.2.4"]
[White "Korchevskyi, Volodymyr"]
[Black "George, Cernencu"]
[Result "1-0"]
[WhiteElo "1244"]
[BlackElo "1000"]
[BlackTeam "CSM Galati"]
[Termination "time forfeit"]
[WhiteCountry "UA"]
[WhiteFideId "34157310"]
[WhiteTeam "Lviv Chess Federation"]

1. e4 e6 2. d4 d5 3. exd5 exd5 4. c4 Be7 5. Nf3 Nf6 6. Be2 O-O 7. O-O Nc6 
8. Nc3 dxc4 9. d5 Nb4 10. Bxc4 Bg4 11. a3 Na6 12. b4 Nb8 13. Bb2 Nbd7 14. 
Re1 Nb6 15. Bb3 Re8 16. h3 Bh5 17. Qd3 Bg6 18. Qd4 Rc8 19. Rad1 Bd6 20. 
Nb5 a6 21. Nxd6 Qxd6 22. Rxe8+ Rxe8 23. Ne5 Bh5 24. Ng4 Bxg4 25. hxg4 Qf8 
26. g5 Nh5 27. g4 Ng3 28. fxg3 Rd8 29. Qc5 Qxc5+ 30. bxc5 Nc8 31. Be5 Re8 
32. Bxc7 1-0

[Event "European Cities & Towns Chess Championship - Youth"]
[Site "Central Europe"]
[Date "2023.01.29"]
[Round "7.3.1"]
[White "Sahin, Sarp"]
[Black "Dodoi, Matei-Teodor"]
[Result "0-1"]
[WhiteElo "1841"]
[BlackElo "1745"]
[BlackCountry "RO"]
[BlackFideId "1278029"]
[BlackTeam "Ia?i - Region"]
[WhiteCountry "TR"]
[WhiteFideId "51605066"]
[WhiteTeam "Ankara"]

1. e4 c5 2. Nf3 d6 3. d4 cxd4 4. Nxd4 Nf6 5. Nc3 a6 6. Be3 e5 7. Nf3 Be7 
8. Bc4 Be6 9. Bb3 O-O 10. O-O Nc6 11. h3 b5 12. Qe2 Qc7 13. Rad1 Na5 14. 
Bg5 Nc4 15. Rb1 Rac8 16. Bxf6 Bxf6 17. Nd5 Bxd5 18. exd5 Rfe8 19. Bxc4 
Qxc4 20. Qxc4 Rxc4 21. c3 g6 22. Nd2 Rc7 23. Ne4 Be7 24. Rfd1 f5 25. Nd2 
Bf6 26. Nb3 e4 27. Nd4 Bxd4 28. Rxd4 Re5 29. Kf1 Rc5 30. Rbd1 Kf7 31. g3 
Kf6 32. h4 h6 33. Ke2 Ke7 34. Ke3 Kd7 35. a4 Kc7 36. axb5 axb5 37. Ra1 
Rexd5 38. Rxd5 Rxd5 39. Ra7+ Kc6 40. Rg7 Rd3+ 41. Ke2 g5 42. h5 f4 43. g4 
f3+ 44. Ke1 Kc5 45. Rxg5+ Kc4 46. Rg6 Kb3 47. Rxh6 Kc2 48. Rxd6 Rxd6 0-1

[Event "European Cities & Towns Chess Championship - Youth"]
[Site "Central Europe"]
[Date "2023.01.29"]
[Round "7.3.2"]
[White "Costache, Andrei Eugeniu"]
[Black "Yilmaz, Baver"]
[Result "0-1"]
[WhiteElo "1632"]
[BlackElo "1779"]
[BlackCountry "TR"]
[BlackFideId "26363542"]
[BlackTeam "Ankara"]
[WhiteCountry "RO"]
[WhiteFideId "42206057"]
[WhiteTeam "Ia?i - Region"]

1. e4 c5 2. Nf3 e6 3. d4 cxd4 4. Nxd4 Nf6 5. Nc3 Nc6 6. Nb3 Bb4 7. Bd3 O-O
8. O-O d5 9. Bg5 Bxc3 10. bxc3 dxe4 11. Bxf6 Qxf6 12. Bxe4 Qxc3 13. Re1 
Qf6 14. Rb1 e5 15. Re3 Be6 16. Rf3 Qe7 17. Rg3 f5 18. Bxc6 bxc6 19. Qe2 e4
20. f3 f4 21. Rh3 Bxh3 22. gxh3 e3 23. Kh1 Kh8 24. Rg1 Rad8 25. c3 c5 26. 
Re1 a5 27. Nxa5 Rd2 28. Qc4 Rfd8 29. Nc6 Qg5 30. Qf1 Rf2 31. Qg1 Qd5 32. 
Ne5 Qxe5 33. Qg4 h6 34. Qh4 Rdd2 35. Kg1 Rg2+ 36. Kh1 Rxh2+ 37. Kg1 Rdg2+ 
38. Kf1 e2+ 39. Rxe2 Qxe2# 0-1

[Event "European Cities & Towns Chess Championship - Youth"]
[Site "Central Europe"]
[Date "2023.01.29"]
[Round "7.3.3"]
[White "Celebi, Mehmet Alper"]
[Black "Codru, Raul Cristian"]
[Result "1/2-1/2"]
[WhiteElo "1614"]
[BlackElo "1344"]
[BlackCountry "RO"]
[BlackFideId "42203996"]
[BlackTeam "Ia?i - Region"]
[WhiteCountry "TR"]
[WhiteFideId "51603934"]
[WhiteTeam "Ankara"]

1. e4 c5 2. Nc3 e6 3. Nf3 Nf6 4. d4 cxd4 5. Nxd4 a6 6. Be3 Qc7 7. f3 Bb4 
8. Qd2 d5 9. Bd3 e5 10. exd5 exd4 11. Bxd4 Nxd5 12. O-O Nxc3 13. bxc3 Bc5 
14. Qe3+ Be7 15. Bxg7 Rg8 16. Be5 Qd7 17. Bxh7 Rxg2+ 18. Kxg2 Qh3+ 19. Kh1
Qxh7 20. Bf6 Be6 21. Bxe7 Kxe7 22. Qc5+ Ke8 23. Qc7 Nd7 24. Qxb7 Rb8 25. 
Qxa6 Qxc2 26. Qc6 Rb2 27. Qa8+ Ke7 28. Qa3+ Kf6 29. Qxb2 Qxb2 30. a4 Qxc3 
31. a5 Bd5 32. Kg2 Ne5 33. a6 Bxf3+ 34. Kg3 Ke6 35. a7 Ba8+ 36. Kh4 Qd4+ 
37. Kg3 Qg4+ 38. Kf2 Qf3+ 39. Ke1 Qe3+ 40. Kd1 Bf3+ 41. Kc2 Be4+ 42. Kb2 
Ba8 43. Ra6+ Ke7 44. Rff6 Nc4+ 45. Kc2 Qd2+ 46. Kb3 Qb2+ 47. Kxc4 Qxf6 48.
 Rxf6 Kxf6 49. Kb5 Kg5 50. Kb6 Kh4 51. Kc7 Kh3 52. Kd6 f5 53. Ke5 Kg4 54. 
h3+ Kg5 55. h4+ Kg4 56. h5 Kxh5 57. Kxf5 Kh6 58. Kf6 Kh7 59. Ke7 Kg8 60. 
Kd8 Kf8 61. Kc7 Ke7 62. Kb8 Bh1 63. a8=Q Bxa8 1/2-1/2

[Event "European Cities & Towns Chess Championship - Youth"]
[Site "Central Europe"]
[Date "2023.01.29"]
[Round "7.3.4"]
[White "Minescu, Leon"]
[Black "Ozugur, Bartu Okan"]
[Result "1-0"]
[WhiteElo "1317"]
[BlackElo "1177"]
[BlackCountry "TR"]
[BlackFideId "26321289"]
[BlackTeam "Ankara"]
[Termination "time forfeit"]
[WhiteCountry "RO"]
[WhiteFideId "1294148"]
[WhiteTeam "Ia?i - Region"]

1. d4 Nf6 2. c4 g6 3. Nc3 Bg7 4. e4 d6 5. h3 O-O 6. Bd3 Nbd7 7. Nge2 e5 8.
 d5 Nc5 9. Bc2 a5 10. g4 Bd7 11. Ng3 Qe7 12. Be3 b6 13. b3 Rfb8 14. a3 b5 
15. Rb1 bxc4 16. bxc4 Qd8 17. Rxb8 Rxb8 18. O-O h5 19. f3 hxg4 20. fxg4 
Rb7 21. Bg5 Be8 22. Qf3 Ncd7 23. Nb5 Qa8 24. h4 Qd8 25. h5 Qe7 26. h6 Bh8 
27. Kg2 Kh7 28. Nf5 1-0

[Event "European Cities & Towns Chess Championship - Youth"]
[Site "Central Europe"]
[Date "2023.01.29"]
[Round "7.4.1"]
[White "Siskou, Evangelia"]
[Black "Tzimas, Konstantinos"]
[Result "0-1"]
[WhiteElo "1502"]
[BlackElo "1275"]
[BlackCountry "GR"]
[BlackFideId "42123828"]
[BlackTeam "Ioannina"]
[WhiteCountry "GR"]
[WhiteFideId "42113938"]
[WhiteTeam "Thessaloniki"]

1. e4 c5 2. Nf3 d6 3. Bb5+ Bd7 4. Bxd7+ Qxd7 5. c4 Nc6 6. Nc3 e6 7. d4 
cxd4 8. Nxd4 Nge7 9. O-O g6 10. Ndb5 Nc8 11. Bf4 a6 12. Na3 Bg7 13. Qd2 
O-O 14. Rad1 Rd8 15. c5 Bd4 16. cxd6 Nxd6 17. Nc2 Nc4 18. Qc1 e5 19. Nxd4 
Nxd4 20. Bg5 Rdc8 21. Bf6 Qe6 22. Qg5 h6 23. Qh4 Nb6 24. Nd5 Nxd5 25. exd5
Qf5 26. Rfe1 Re8 27. d6 Re6 28. Be7 Nc6 29. d7 g5 30. Qc4 Rxe7 31. g4 Qe6 
32. Qd3 Rd8 33. Qf5 Qxf5 34. gxf5 Rexd7 35. Rc1 f6 36. Rc2 Kf7 37. Rec1 
Nd4 38. Rd2 Nf3+ 39. Kg2 Nxd2 40. Rc2 Ke7 41. b3 Ne4 42. a4 Nd6 43. a5 
Nxf5 44. b4 Nd4 45. Rc4 Nc6 46. Kf3 Rd4 47. Rc5 R8d5 48. Rc2 Nxb4 49. Rc7+
Rd7 50. Rc1 f5 51. h4 g4+ 52. Kg3 h5 53. Kg2 f4 54. f3 Rd2+ 55. Kh1 g3 56.
 Kg1 Nd3 57. Rc4 Nf2 58. Rc5 Nh3+ 59. Kf1 g2+ 0-1

[Event "European Cities & Towns Chess Championship - Youth"]
[Site "Central Europe"]
[Date "2023.01.29"]
[Round "7.4.2"]
[White "Tzima, Anthia"]
[Black "Marinidis, Stavros"]
[Result "0-1"]
[WhiteElo "1116"]
[BlackElo "1378"]
[BlackCountry "GR"]
[BlackFideId "42104904"]
[BlackTeam "Thessaloniki"]
[WhiteCountry "GR"]
[WhiteFideId "42124042"]
[WhiteTeam "Ioannina"]

1. d4 d5 2. Bf4 Nf6 3. Nf3 e6 4. e3 Be7 5. h3 O-O 6. Nbd2 Nbd7 7. Bd3 c5 
8. c3 b6 9. O-O Bb7 10. Re1 Ne4 11. Qc2 f5 12. a3 Qe8 13. Ne5 Nxe5 14. 
Bxe5 Rc8 15. f3 Ng5 16. e4 dxe4 17. fxe4 cxd4 18. Bxd4 Qg6 19. exf5 Nxh3+ 
20. Kf1 Qxg2# 0-1

[Event "European Cities & Towns Chess Championship - Youth"]
[Site "Central Europe"]
[Date "2023.01.29"]
[Round "7.4.3"]
[White "Misios, Konstantinos"]
[Black "Paterakis, Panagiotis Emm"]
[Result "1-0"]
[WhiteElo "1357"]
[BlackElo "1070"]
[BlackCountry "GR"]
[BlackFideId "25894900"]
[BlackTeam "Ioannina"]
[WhiteCountry "GR"]
[WhiteFideId "42122406"]
[WhiteTeam "Thessaloniki"]

1. e4 c5 2. c4 d6 3. Nc3 Nc6 4. g3 Nf6 5. Bg2 Bg4 6. Nge2 Nd4 7. h3 Bf3 8.
 Kf1 Bxg2+ 9. Kxg2 e5 10. d3 Be7 11. Nxd4 exd4 12. Ne2 O-O 13. Bf4 Nh5 14.
 Bd2 Nf6 15. Nf4 Nd7 16. Nd5 Nb6 17. Nxe7+ Qxe7 18. Bf4 f5 19. exf5 Rxf5 
20. Qg4 Rff8 21. Rhe1 Qf6 22. Re6 Qf7 23. Rae1 h6 24. Re7 Qf6 25. R1e6 1-0

[Event "European Cities & Towns Chess Championship - Youth"]
[Site "Central Europe"]
[Date "2023.01.29"]
[Round "7.4.4"]
[White "Georgios, Basios"]
[Black "Spagkakas, Konstantinos"]
[Result "0-1"]
[WhiteElo "1000"]
[BlackElo "1251"]
[BlackCountry "GR"]
[BlackFideId "25876384"]
[BlackTeam "Thessaloniki"]
[WhiteTeam "Ioannina"]

1. e4 c5 2. Nf3 e6 3. b3 d5 4. exd5 Qxd5 5. Nc3 Qd8 6. Ne5 Be7 7. Qf3 Bf6 
8. Nd3 Qe7 9. Ba3 Bd4 10. Bxc5 Bxc5 11. Nxc5 Qxc5 12. Bc4 a6 13. d3 Nc6 
14. a3 Qd4 15. Kd2 Bd7 16. b4 Nf6 17. h3 Rc8 18. g4 b5 19. Bb3 Ne5 20. Qe3
Qxc3+ 21. Ke2 Ng6 22. g5 Ng8 23. h4 N8e7 24. h5 Nf5 25. Qf3 Ne5 26. Qf4 
Bc6 27. Rhd1 Bf3+ 28. Kf1 Bxd1 29. Rxd1 Ke7 30. d4 Qh3+ 31. Ke2 Qg4+ 32. 
Qxg4 Nxg4 33. Rd3 Rhd8 34. d5 Ne5 35. Rh3 Nd4+ 36. Ke3 Nxc2+ 37. Bxc2 Rc3+
38. Bd3 Rxd3+ 39. Ke4 Rxh3 40. Kxe5 Rh4 41. dxe6 fxe6 42. g6 Rd5# 0-1